000 00696nam a22001815i 4500
001 158970
003 ES-MaACL
005 20230906211409.0
008 040907s1884 sp |||| | spa d
040 _aCAM
_bspa
_cCAM
080 _a821.134.2-14"18"
100 1 _aMartínez de Leyva, Camilo.
_9129641
245 1 0 _aEl sol de los cielos
_b: poema /
_cpor Camilo Martínez de Leyva.
250 _a1ª ed.
260 _aMadrid :
_b[s.n.],
_c1884 (
_fImprenta de los Señores Viuda é Hijos de Alcántara)
300 _a64 p. ;
_c21 cm.
852 _aES-MaACL
_jT-357-F-6
_z-- Enc. hol.
_z-- An. ms.: ded. del autor al Ateneo de Madrid
_q-- Falto de la cub. original
_z-- Enc. en un vol. facticio
999 _c158970
_d158970